000 01390cam a2200265 4500
001 ##L127386
002 ##9365
008 040914n2006 000 0 eng u
020 _a1405110546
035 _a(Sirsi) u127386
041 0 _aeng
050 0 4 _a690 $2 2
100 1 _aEmmitt, Stephen
245 0 0 _aBarry's advanced construction of buildings
260 _aOxford
_bBlackwell Publishing Ltd
_c2006
300 _ax, 625p
_bill
_c24cm.
350 _a24.99
505 2 _aIntroduction -- Scaffolding and associated work -- Foundations and substructures -- Single-storey frames, shells and lightweight coverings -- Structural steel frames -- Structural concrete frames -- Cladding and curtain wall construction -- Prefabrication and off-site construction -- Lifts and escalators -- Fit out and second fix -- Heating, cooling and services provision -- Alternative approaches to construction.
520 _aAimed at students, this covers framed construction and associated technologies, prefabrication, off-site assembly, and alternative methods of construction. It also reflects the industry trend towards sustainable construction techniques.
520 _aSupersedes volumes three, four and part of five (ISBNs 0632037423, 063205543X, 0632049324).
590 _aIKA090506
690 _aBUILT ENVIRONMENT-CONSTRUCTION DESIGN
700 1 _aGorse, Christopher A.
942 _n0
999 _c103770
_d103770